Album Ni - Ninho - Statistiques

Statistiques générales
  • Ce quiz a été pris 85 fois
  • Le résultat moyen est 12 sur 21
Statistiques - réponses
Titre % Correct
12 (feat Central Cee) Eurostar
88%
11 (feat Ayra Starr) No love
87%
9 (feat Omah Lay) Bad
78%
4 (feat Lil Baby) Blue story
76%
1 La vie de johnny
71%
7 Respect
68%
16 Grands ensembles
66%
19 Vinicius
63%
8 Branché sur snap
62%
6 25G
57%
3 Rich porter
57%
2 Yo moko oyebi
57%
13 Chiraq
54%
5 Edouard nahum
53%
15 Bon qu'à ça
51%
10 Dans la peau
51%
21 Christopher Wallace
43%
14 Plus qu'eux
41%
18 Mode S plus
38%
17 Griot
35%
20 Signes de gang
25%
Aucun quiz correspondant
Distribution des résultats
% des personnes avec chaque résultat
Percentile par nombre de réponses
Votre historique - résultats
Vous n’avez pas pris ce quiz